Представление документа в формате RUSMARC

ПолеНазваниеЗначение
  Тип записи a
  Библиографический уровень m
001 Контрольный номер RU/УГОНБ/EK/2747
005 Дата корректировки 20250520122146.2
010 Индекс ISBN __
a ISBN 5-217-01234-Х
d Цена 250 р.
9 Тираж 1350 экз.
100 Данные общей обработки __
a Данные общей обработки 19931224d1993 u u0rusy0189 ca
101 Язык документа 0_
a Язык текста rus
102 Страна публикации __
a Страна публикации RU
105 Кодированные данные (монография) __
a Кодированные данные (монография) y z 000yy
200 Заглавие и сведения об ответственности 1_
a Заглавие Теория и практика процесса холодного выдавливания
f Первые сведения об ответственности В.А. Мишунин
210 Выходные данные 1_
d Дата издания 1993
a Место издания Москва
c Издательство Машиностроение
215 Физическое описание __
a Объем 320 с.
c Иллюстрации/тип воспроизводства ил.
d Формат 21 см
320 Библиография __
a Библиография Библиогр.: с. 318-319 (6 назв.)
606 Тематические рубрики 0_
a Основная рубрика Выдавливание металлов холодное
610 Ключевые слова 0_
a Ключевые слова металлообрабатывающая промышленность
610 Ключевые слова 0_
a Ключевые слова обработка металлов давлением
610 Ключевые слова 0_
a Ключевые слова выдавливание металлов холодное
686 Индексы других классификаций __
a Классификационный индекс 34.623.4
2 Код системы rubbk
700 Автор _1
a Фамилия Мишунин
b Имя (инициалы) В.А.
g Полное личное имя Всеволод Александрович
801 Источник записи _0
a Страна RU
b Организация Ульяновская ОНБ
c Дата составления 19931224
g Правила каталогизации PSBO
801 Источник записи _1
a Страна RU
b Организация Ульяновская ОНБ
c Дата составления 20031111
901 Тип документа __
t Тип документа m
938 Служебная информация __
a Имя БД books
b Имя библиотеки УОНБ
c Имя АИБС МАРК-SQL
d Номер DOC_ID в БД 124142